[Event "CRO-chT2S"]
[Site "Makarska"]
[Date "2013.04.06"]
[Round "2.4"]
[White "Brunski, Igor"]
[Black "Saric, Kristina"]
[Result "0-1"]
[WhiteElo "2108"]
[BlackElo "2250"]
[PlyCount "84"]
[EventDate "2013.04.05"]
[EventType "team-tourn"]
[EventRounds "9"]
[EventCountry "CRO"]
[SourceTitle "EXT 2014"]
[Source "ChessBase"]
[SourceDate "2013.11.20"]
[SourceVersion "1"]
[SourceVersionDate "2013.11.20"]
[SourceQuality "1"]
[WhiteTeam "Kastel"]
[BlackTeam "Split Mornar"]
[WhiteTeamCountry "CRO"]
[BlackTeamCountry "CRO"]

1. e4 c5 2. Nf3 d6 3. d4 cxd4 4. Nxd4 Nf6 5. Nc3 Nc6 6. Be2 e5 7. Nb3 Be7 8. 0-0 0-0 9. f4 exf4 10. Bxf4 Be6 11. Kh1 Rc8 12. Nd4 Ne5 13. Nxe6 fxe6 14. Bxe5 dxe5 15. Qxd8 Rfxd8 16. Bd3 Bc5 17. h3 Bd4 18. Ne2 Rc6 19. Rab1 a6 20. a4 Rb6 21. b4 Rbd6 22. a5 Be3 23. b5 Bd2 24. bxa6 bxa6 25. g4 Bxa5 26. g5 Nd7 27. Ra1 Bd2 28. h4 Nc5 29. Bc4 a5 30. c3 a4 31. Bb5 Ra8 32. Rfd1 Nxe4 33. Kg2 a3 34. Ra2 Be3 35. Rda1 Bc5 36. Nc1 Nxc3 37. Nd3 Bd4 38. Bc4 Nxa2 39. Rxa2 Kf7 40. Kf3 Rc8 41. Bb5 Rb6 42. Ba4 Bb2 0-1

[Event "Zadar op-B 19th"]
[Site "Zadar"]
[Date "2012.12.17"]
[Round "2"]
[White "Brunski, Igor"]
[Black "Blazeka, Matej"]
[Result "0-1"]
[WhiteElo "2111"]
[BlackElo "2271"]
[PlyCount "82"]
[EventDate "2012.12.16"]
[EventType "swiss"]
[EventRounds "9"]
[EventCountry "CRO"]
[SourceTitle "EXT 2014"]
[Source "ChessBase"]
[SourceDate "2013.11.20"]
[SourceVersion "1"]
[SourceVersionDate "2013.11.20"]
[SourceQuality "1"]

1. d4 d5 2. Nf3 Nf6 3. c4 e6 4. Nc3 Be7 5. Bf4 0-0 6. e3 b6 7. cxd5 exd5 8. Bd3 Bb7 9. Qc2 c5 10. 0-0 c4 11. Be2 Nc6 12. Ne5 a6 13. Nxc6 Bxc6 14. Bf3 b5 15. Rfd1 Re8 16. Bg5 h6 17. Bh4 b4 18. Ne2 g5 19. Bg3 g4 20. Bxg4 Nxg4 21. Qf5 Nf6 22. Qh3 Bf8 23. Bf4 Bd7 24. Qg3+ Kh7 25. Be5 Ne4 26. Qf3 f6 27. Bf4 Qe7 28. Ng3 Nxg3 29. Qxg3 Bf5 30. f3 Qg7 31. Qh4 Rad8 32. g4 Bd3 33. Qg3 Re6 34. Kf2 f5 35. g5 h5 36. g6+ Qxg6 37. Qh3 Bh6 38. Qh4 Rxe3 39. Bxe3 Bxe3+ 40. Kxe3 Re8+ 41. Kf4 Qd6+ 0-1

[Event "Pula op 10th"]
[Site "Pula"]
[Date "1996.??.??"]
[Round "?"]
[White "Brunski, Igor"]
[Black "Sermek, Drazen"]
[Result "0-1"]
[WhiteElo "2190"]
[BlackElo "2535"]
[PlyCount "52"]
[EventDate "1996.05.??"]
[EventType "swiss"]
[EventRounds "9"]
[EventCountry "CRO"]
[SourceTitle "EXT 1998"]
[Source "ChessBase"]
[SourceDate "1997.11.17"]
[SourceVersion "1"]
[SourceVersionDate "1997.11.17"]
[SourceQuality "1"]

1. e4 c5 2. Nf3 Nc6 3. d4 cxd4 4. Nxd4 Nf6 5. Nc3 e6 6. Ndb5 d6 7. Bf4 e5 8. Bg5 a6 9. Na3 Be6 10. Bxf6 gxf6 11. Nd5 Rc8 12. c3 f5 13. exf5 Bxf5 14. Nc2 Bg7 15. Nce3 Be6 16. Qh5 Ne7 17. Nxe7 Qxe7 18. Bd3 Rc5 19. Nf5 Bxf5 20. Bxf5 e4 21. 0-0 Qe5 22. g4 Qf4 23. Rfe1 Re5 24. Re3 d5 25. Rd1 Bf6 26. Rxd5 Rxd5 0-1